University Home | Library Home | Institutional Repository

Fundamentals of Musculoskeletal Pain/ (Record no. 47783)

MARC details
000 -LEADER
fixed length control field 00679cam a2200205 4500
008 - FIXED-LENGTH DATA ELEMENTS--GENERAL INFORMATION
fixed length control field 090430n 000 0 eng u
020 ## - INTERNATIONAL STANDARD BOOK NUMBER
International Standard Book Number 978093109272
035 ## - SYSTEM CONTROL NUMBER
System control number (Sirsi) a164863
040 ## - CATALOGING SOURCE
Original cataloging agency CIP
050 ## - LIBRARY OF CONGRESS CALL NUMBER
Classification number RC935
245 ## - TITLE STATEMENT
Title Fundamentals of Musculoskeletal Pain/
Statement of responsibility, etc. edited by Thomas Graven-Nielsen, Lars Arendt-Nielsen, Siegfried, Mense.
260 ## - PUBLICATION, DISTRIBUTION, ETC.
Place of publication, distribution, etc. Seattle,USA:
Name of publisher, distributor, etc. IASP Press,
Date of publication, distribution, etc. 2008
300 ## - PHYSICAL DESCRIPTION
Extent xvi, 496p.:
Other physical details ill.
504 ## - BIBLIOGRAPHY, ETC. NOTE
Bibliography, etc. note Includes bibliographical references
650 ## - SUBJECT ADDED ENTRY--TOPICAL TERM
Topical term or geographic name entry element Musculoskeletal Diseases - Physiopathology
650 ## - SUBJECT ADDED ENTRY--TOPICAL TERM
Topical term or geographic name entry element Pain - Physiopathology
700 ## - ADDED ENTRY--PERSONAL NAME
Personal name Graven-Nielsen, Thomas
710 ## - ADDED ENTRY--CORPORATE NAME
Corporate name or jurisdiction name as entry element Arendt-Nielsen, Lars
710 ## - ADDED ENTRY--CORPORATE NAME
Corporate name or jurisdiction name as entry element Mense, Siegfried

No items available.

© 2026 - The University of Zambia Library - Koha v25.11